000 00918nam a2200253Ia 4500
003 OSt
005 20220923211124.0
006 a|||||r|||| 00| 0
007 ta
008 220922b |||||||| |||| 00| 0 hin d
020 _a8181436938 (hbk)
_c200
024 _a241,448
037 _b480, 26/02/2010, Vani Prakashan
_cTextual
040 _aARTS
_cARTS
_bhin
041 _2hin
_ahin
082 _aO152,1I00:g(Y), P7
100 _aबाठ, सुखविन्दर कौर
_9158466
245 0 _aकबीर का लोकतात्विक चिन्तन
246 _aKabīr kā lokatātvik chintana
260 _aनयी दिल्ली
_b वाणी प्रकाशन
_c2007
300 _a205पृ.
_ccm.
942 _hO152,1I00:g(Y), P7
_cTEXL
_2CC
999 _c295581
_d295581